| 000 | 01315nam a22003137a 4500 | ||
|---|---|---|---|
| 005 | 2012121203533.0 | ||
| 008 | 121212t xxu||||| |||| 00| 0 eng d | ||
| 010 | _aENG-106422 | ||
| 020 |
_a9788132110088 _c495.00 |
||
| 035 | _aEN-89955 | ||
| 037 | _bDBAD/PUB | ||
| 040 |
_aDPL _bEng |
||
| 082 | _a332 | ||
| 100 | 1 |
_aHarper, Malcolm, _d1935- _954245 |
|
| 245 | 1 | 0 |
_aWhose sustainability counts? : _cby Malcolm Harper, Lalitha Iyer [and] Jane Rosser. _b BASIX’s long march from microfinance to livelihoods / |
| 260 |
_aNew Delhi _bSage Publications _c2012 |
||
| 270 |
_aB1/I-1 Mohan Cooperative Industrial Area Mathura Road _bNew Delhi _e110044 |
||
| 300 |
_ax, 286 p. : _c24cm(pbk) _bill. |
||
| 500 | _a Includes bibliographical references (p. 265-267) and index | ||
| 610 |
_a BASIX (Firm) _954249 |
||
| 650 | 0 |
_aRural poor _xServices for _954247 _zIndia |
|
| 650 | 0 |
_a Microfinance _zIndia _954250 |
|
| 650 | 0 |
_a Financial services industry _zIndia _954251 |
|
| 700 |
_a Iyer, Lalitha. _954252 |
||
| 700 |
_aRosser, Jane. _954253 |
||
| 942 |
_2ddc _cEN _h332 _mHAR |
||
| 999 |
_c72100 _d72100 |
||